| 000 | 01236cam a2200301 i 4500 | ||
|---|---|---|---|
| 001 | 1348390097 | ||
| 003 | OCoLC | ||
| 005 | 20240808082136.0 | ||
| 008 | 221011s2023 moua b 001 0 eng d | ||
| 020 | _a9780323794251 | ||
| 020 | _a0323794254 | ||
| 035 | _a(OCoLC)1348390097 | ||
| 040 |
_aUKMGB _beng _erda _cUKMGB _dOCLCF _dCNMTR _dOHS _dYDX |
||
| 050 | 4 |
_aRC683.5.E5 _bA39 2023 |
|
| 082 | 0 | 4 |
_a616.1/207547 _223 _bAEH |
| 092 |
_a616.1207547 _bA247e 2023 |
||
| 100 | 1 |
_aAehlert, Barbara, _eauthor. _923380 |
|
| 245 | 1 | 0 |
_aECGs made easy / _cBarbara Aehlert |
| 250 | _a7th edition | ||
| 300 |
_aviii, 304 pages : _bcolor illustrations ; _c28 cm |
||
| 504 | _aIncludes bibliographical references and index | ||
| 520 | _aElectrocardiography is the process of producing an electrocardiogram, a recording of the heart's electrical activity. It is an electrogram of the heart which is a graph of voltage versus time of the electrical activity of the heart using electrodes placed on the skin--Google website | ||
| 650 | 0 |
_aElectrocardiography _vHandbooks, manuals, etc _923381 |
|
| 650 | 1 | 2 |
_aElectrocardiography _xmethods _923382 |
| 650 | 1 | 2 |
_aArrhythmias, Cardiac _xdiagnosis _923383 |
| 650 | 0 | _aElectrocardiography | |
| 942 |
_2ddc _cBK |
||
| 999 |
_c12284 _d12284 |
||